00460nam a2200169 a 4500001001300000003000900013005001700022008004100039020000900080082001300089245002800102260006100130300000900191500003500200650002700235710002800262nice12345678IN_TiNIC20260116011652.0080522s1951 cala grp 000 0 eng  ac3000a224bCAL aStories of the Prophets aCalcuttabCalcutta Christian Tract and Book Societc1951 a580p aincludes index and biblioraphy aProphets-Old Testament2 aCalcutta Chistian Tract